| Tag |
First Indicator |
Second Indicator |
Subfields |
| LEADER |
00000cam a22000008a 4500 |
| 001 |
in00000522005 |
| 005 |
20151013075051.0 |
| 008 |
830824s1983 enka b 00110 eng |
| 010 |
|
|
|a 83018846
|
| 020 |
|
|
|a 0408014571
|
| 035 |
|
|
|a (OCoLC)09894633
|
| 035 |
|
|
|9 ACE7889AM
|
| 039 |
0 |
|
|a 2
|b 3
|c 3
|d 3
|e 3
|
| 040 |
|
|
|a DLC
|c DLC
|d TXA
|d UtOrBLW
|
| 049 |
|
|
|a TXAM
|c [1484753]
|
| 050 |
0 |
0 |
|a TA710
|b .B424 1983
|
| 082 |
0 |
|
|a 624.1/513
|2 19
|
| 100 |
1 |
|
|a Bell, F. G.
|q (Frederic Gladstone)
|
| 245 |
1 |
0 |
|a Engineering properties of soils and rocks /
|c F.G. Bell.
|
| 250 |
|
|
|a 2nd ed.
|
| 263 |
|
|
|a 8310
|
| 264 |
|
1 |
|a London ;
|a Boston :
|b Butterworths,
|c 1983.
|
| 300 |
|
|
|a 149 pages :
|b illustrations
|
| 336 |
|
|
|a text
|b txt
|2 rdacontent
|
| 337 |
|
|
|a unmediated
|b n
|2 rdamedia
|
| 338 |
|
|
|a volume
|b nc
|2 rdacarrier
|
| 504 |
|
|
|a Includes bibliographical references and index.
|
| 650 |
|
0 |
|a Soil mechanics.
|
| 650 |
|
0 |
|a Rock mechanics.
|
| 999 |
|
|
|a MARS
|
| 999 |
f |
f |
|s 54b75693-fd6d-3189-97a2-051f37cab847
|i 250cc18d-b4cc-3daa-987b-5705d98f7f17
|t 0
|
| 952 |
f |
f |
|p ric
|a Texas A&M University
|b Rellis Campus
|c Joint Library Facility
|d Remote Storage
|t 0
|e TA710 .B424 1983
|h Library of Congress classification
|i unmediated -- volume
|m A14807938057
|
| 998 |
f |
f |
|a TA710 .B424 1983
|t 0
|l Remote Storage
|